[Event "Match"]
[Site "www.echecsemail.com"]
[Date "2020.03.17"]
[Round "1"]
[White "Whitekknight"]
[Black "Ket"]
[WhiteElo "1860"]
[BlackElo "999"]
[Result "0-1"]
[Round "1"]
1.e4 c5
2.Ng1f3 Nb8c6
3.d4 cxd4
4.Nf3xd4 Ng8f6
5.Nd4xc6 bxc6
6.Nb1c3 d6
7.Bf1c4 e5
8.Bc1g5 Bf8e7
9.O-O O-O
10.h3 Ra8b8
11.f4 Qd8b6
12.Kh2 Rf8d8
13.Bc4b3 a5
14.Qd1f3 Bc8a6
15.Rf1f2 Qb6c7
16.Bg5xf6 Be7xf6
17.Ra1d1 exf4
18.Kh1 Bf6e5
19.Qf3g4 Qc7e7
20.Nc3e2 c5
21.Ne2xf4 Be5xf4
22.Qg4xf4 c4
23.Bb3a4 Rb8xb2
24.c3 Rb2xf2
25.Qf4xf2 Qe7c7
26.Ba4c2 Ba6b7
27.Qf2f4 Qc7e7
28.Rd1d4 Qe7e6
29.Bc2d1 d5
30.Bd1f3 h6
31.Bf3g4 Qe6e7
32.Bg4f3 dxe4
33.Rd4xd8 Qe7xd8
34.Bf3xe4 Bb7xe4
35.Qf4xe4 Qd8d1
36.Kh2 Qd1a4
37.Qe4e2 Qa4c6
38.Qe2b2 Qc6d6
39.Kh1 Qd6d3
40.Qb2a3 Qd3d5
41.Qa3b2 f5
42.Qb2e2 Qd5d3
43.Qe2b2 f4
44.Qb2b8 Kh7
45.Qb8xf4 Qd3xc3
46.Qf4f5 Kg8
47.Qf5e6 Kf8
48.Qe6f5 Ke7
49.Qf5c5 Ke6
{ resign }
0-1

[Event "Tourn. n10303"]
[Site "www.chess-mail.com"]
[Date "2020.03.17"]
[Round "1"]
[White "Aders1"]
[Black "D4minance"]
[WhiteElo "2340"]
[BlackElo "2880"]
[Result "1/2-1/2"]
[Round "1"]
1.Ng1f3 d5
2.g3 c6
3.Bf1g2 Bc8g4
4.d3 Ng8f6
5.O-O e6
6.Nb1d2 Nb8d7
7.e4 Bf8e7
8.Qd1e2 O-O
9.h3 Bg4h5
10.e5 Nf6e8
11.Rf1e1 h6
12.Nd2f1 a5
13.g4 Bh5g6
14.Bc1f4 Ne8c7
15.Bf4g3 b5
16.Nf3d4 Ra8a6
17.f4 a4
18.a3 c5
19.Nd4f3 d4
20.Qe2f2 Nc7d5
21.Nf3d2 f5
22.Bg2xd5 exd5
23.Qf2g2 Nd7b6
24.Bg3h2 Nb6a8
25.Nf1g3 fxg4
26.Re1f1 Qd8d7
27.hxg4 Qd7xg4
28.Qg2xd5 Kh7
29.Kh1 Bg6e8
30.Qd5f3 Qg4xf3
31.Rf1xf3 Be8c6
32.Nd2e4 Na8b6
33.f5 Nb6d7
34.Ng3e2 g6
35.fxg6 Kxg6
36.Ra1f1 Rf8xf3
37.Rf1xf3 Nd7f8
38.Ne2f4 Kh7
39.Kg1 c4
40.Bh2g3 Nf8g6
41.Nf4h5 Bc6xe4
42.dxe4 Ra6e6
43.Nh5f6 Kg7
44.Nf6d5 Ng6xe5
45.Rf3f5 Be7d6
46.Nd5f4 Re6e8
47.Kg2 Ne5f7
48.Nf4h5 Kg6
49.Rf5xb5 Re8xe4
50.Bg3xd6 Nf7xd6
51.Rb5d5 Nd6f5
52.Kf3 Re4h4
53.Nh5f4 Kg5
54.Nf4e6 Kf6
55.Ne6f4 Rh4h1
56.Kf2 Rh1d1
57.Ke2 Nf5e3
58.Rd5d8 Ke7
59.Rd8a8 Rd1b1
60.Ra8xa4 Rb1xb2
61.Kf3 Rb2xc2
62.Ra4a7 Kd6
63.Ra7a6 Kd7
64.Ke4 Rc2d2
65.Ra6xh6 c3
66.Nf4d3 c2
67.Rh6h7 Kc6
68.Rh7h6 Kc7
69.Rh6h7 Kb6
70.Rh7h6 Kb7
71.Rh6h7 Kb6
72.Rh7h6 Kb5
73.Rh6h5 Ka4
74.Rh5c5 Ne3d1
{ draw }
1/2-1/2

[Event "Tourn. n10285"]
[Site "www.chess-mail.com"]
[Date "2020.03.17"]
[Round "1"]
[White "Rons"]
[Black "Obisporey"]
[WhiteElo "2610"]
[BlackElo "2560"]
[Result "1-0"]
[Round "1"]
1.e4 e5
2.Ng1f3 Nb8c6
3.Bf1b5 a6
4.Bb5a4 Ng8f6
5.O-O Bf8e7
6.Rf1e1 b5
7.Ba4b3 d6
8.c3 O-O
9.h3 Nc6b8
10.d4 Nb8d7
11.Nb1d2 Bc8b7
12.Bb3c2 Rf8e8
13.Nd2f1 Be7f8
14.Nf1g3 g6
15.a4 c5
16.d5 c4
17.Bc1g5 h6
18.Bg5d2 Bf8g7
19.b3 cxb3
20.Bc2xb3 Qd8c7
21.c4 bxa4
22.Ra1xa4 a5
23.Ra4a3 Nd7c5
24.Bb3a4 Re8c8
25.Qd1c1 Kh7
26.Qc1c2 Nf6d7
27.Ba4b5 a4
28.Bd2e3 Nd7b6
29.Re1b1 h5
30.Nf3g5 Kg8
31.Qc2e2 Qc7e7
32.Ng3xh5 Bg7h6
33.Qe2g4 gxh5
34.Qg4xh5 Qe7f6
35.Be3xc5 Rc8xc5
36.Ra3g3 Bh6xg5
37.Rg3xg5 Kf8
38.Rg5f5 Qf6g7
39.Qh5h4 a3
40.Rb1b3 a2
41.Kh2 Nb6xd5
42.cxd5 Bb7xd5
43.Rb3g3 Qg7xg3
44.fxg3 { resign }
1-0

[Event "1/128 Finale"]
[Site "www.chess-mail.com"]
[Date "2020.03.17"]
[Round "1"]
[White "Add"]
[Black "Gandalf50"]
[WhiteElo "2080"]
[BlackElo "2560"]
[Result "0-1"]
[Round "1"]
1.e4 c5
2.Bf1c4 e6
3.Nb1c3 d6
4.Ng1f3 Nb8c6
5.d4 cxd4
6.Nf3xd4 Nc6xd4
7.Qd1xd4 Ng8f6
8.O-O Bf8e7
9.Qd4e3 O-O
10.Qe3g3 Kh8
11.a3 Bc8d7
12.e5 dxe5
13.Qg3xe5 Bd7c6
14.Bc1f4 Qd8b6
15.Ra1b1 Bc6xg2
16.Kxg2 Qb6c6
17.Kg1 Qc6xc4
18.Bf4g3 a6
19.Rb1d1 Ra8c8
20.Rd1d4 Qc4c6
21.Qe5e2 Be7xa3
22.bxa3 Qc6xc3
23.Rf1d1 Qc3xc2
24.Qe2f3 Nf6d5
25.Bg3d6 Rc8c3
26.Rd4d3 Rc3xd3
27.Rd1xd3 Rf8c8
28.Bd6e5 b5
29.Qf3xf7 Qc2b1
30.Kg2 Nd5f4
31.Qf7xf4 Qb1xd3
32.Be5xg7 Kxg7
{ resign }
0-1

[Event "Tourn. n10253"]
[Site "www.chess-mail.com"]
[Date "2020.03.17"]
[Round "1"]
[White "Obisporey"]
[Black "Numanoid"]
[WhiteElo "2560"]
[BlackElo "2770"]
[Result "0-1"]
[Round "1"]
1.e4 Nb8c6
2.Ng1f3 d6
3.d4 Ng8f6
4.Nb1c3 g6
5.h3 Bf8g7
6.d5 Nc6b8
7.Bc1e3 O-O
8.Bf1d3 e5
9.O-O c6
10.dxc6 bxc6
11.Bd3c4 Bc8a6
12.Bc4xa6 Nb8xa6
13.Qd1d3 Na6b4
14.Qd3e2 a5
15.Rf1d1 Qd8b8
16.a3 Nb4a6
17.Qe2d3 Rf8d8
18.Nc3a4 d5
19.Na4b6 Nf6xe4
20.Nb6xa8 Qb8xa8
21.Qd3e2 Ne4d6
22.a4 Nd6f5
23.c3 Rd8b8
24.Ra1b1 c5
25.h4 d4
26.Be3g5 h6
27.g4 e4
28.Nf3d2 hxg5
29.gxf5 gxf5
30.hxg5 Rb8b6
31.f4 Na6c7
32.Nd2c4 Rb6g6
33.Kh1 Nc7d5
34.Qe2d2 Qa8a6
35.Nc4a3 e3
36.Qd2h2 Qa6e6
37.cxd4 cxd4
38.Qh2g3 Qe6e4
39.Qg3g2 Qe4xf4
{ resign }
0-1

[Event "Tourn. n10278"]
[Site "www.chess-mail.com"]
[Date "2020.03.18"]
[Round "1"]
[White "Ejner"]
[Black "Tartan"]
[WhiteElo "2440"]
[BlackElo "2440"]
[Result "1-0"]
[Round "1"]
1.d4 d5
2.c4 e6
3.Nb1c3 Ng8f6
4.Bc1g5 Nb8d7
5.cxd5 exd5
6.e3 c6
7.Qd1c2 Bf8e7
8.Bf1d3 Nf6h5
9.Bg5xe7 Qd8xe7
10.Ng1e2 g6
11.O-O O-O
12.Ra1b1 Nd7b6
13.b4 a6
14.a4 Bc8e6
15.b5 cxb5
16.axb5 a5
17.Nc3a4 Rf8c8
18.Qc2a2 Nb6xa4
19.Qa2xa4 f5
20.Rf1c1 f4
21.Ne2xf4 { resign }
1-0

[Event "Tourn. n10266"]
[Site "www.chess-mail.com"]
[Date "2020.03.18"]
[Round "1"]
[White "Apdash"]
[Black "Claudia"]
[WhiteElo "2280"]
[BlackElo "2130"]
[Result "0-1"]
[Round "1"]
1.e4 c5
2.Ng1f3 d6
3.d4 cxd4
4.Nf3xd4 Ng8f6
5.Nb1c3 e6
6.Bf1c4 a6
7.a4 Qd8c7
8.Qd1e2 Bf8e7
9.O-O O-O
10.Bc1g5 Nb8c6
11.Nd4xc6 Qc7xc6
12.Bc4b3 b6
13.Kh1 Bc8b7
14.f3 Rf8e8
15.Ra1d1 Ra8d8
16.e5 dxe5
17.Qe2xe5 h6
18.Bg5f4 Rd8xd1
19.Rf1xd1 Re8d8
20.Rd1xd8 Be7xd8
21.Qe5b8 Qc6c8
22.Qb8d6 Qc8d7
23.Qd6xd7 Nf6xd7
24.Nc3e2 Nd7c5
25.Ne2c1 Nc5xb3
26.cxb3 Bb7d5
27.Bf4e5 Bd8e7
28.Kg1 Be7c5
29.Kf1 Bc5e3
30.Nc1d3 Bd5xb3
31.Ke2 Be3g1
32.a5 bxa5
33.Be5c7 a4
34.Nd3b4 Bb3c4
35.Kd2 Bg1d4
36.Kc2 Kf8
37.Nb4c6 Bd4c5
38.Nc6a5 Bc4b5
39.b4 axb3
40.Kxb3 Ke8
41.Kb2 Kd7
42.Bc7e5 f6
43.Be5c3 e5
44.Na5b3 Bc5g1
45.h4 h5
46.Bc3e1 Kd6
47.Nb3c1 Kd5
48.Kc3 Bb5c4
49.Nc1d3 Bc4xd3
50.Kxd3 f5
51.Be1g3 a5
52.Bg3e1 a4
53.Be1b4 Bg1f2
54.Bb4e7 Bf2c5
55.Be7xc5 Kxc5
56.Kc3 e4
57.fxe4 fxe4
58.g3 a3
59.Kb3 e3
{ resign }
0-1

[Event "Tourn. n10258"]
[Site "www.chess-mail.com"]
[Date "2020.03.18"]
[Round "1"]
[White "Marbachess"]
[Black "D4minance"]
[WhiteElo "2560"]
[BlackElo "2880"]
[Result "0-1"]
[Round "1"]
1.f4 d5
2.b3 Ng8f6
3.Bc1b2 g6
4.Ng1f3 Bf8g7
5.e3 O-O
6.Bf1e2 c5
7.O-O Qd8c7
8.d4 cxd4
9.Nf3xd4 a6
10.c4 dxc4
11.Qd1c1 Nb8c6
12.Nd4xc6 Qc7xc6
13.Be2f3 Qc6e6
14.bxc4 Bc8d7
15.Bb2d4 Bd7c6
16.Bf3xc6 Qe6xc6
17.Nb1d2 Ra8c8
18.Qc1b2 Rf8d8
19.Ra1c1 Nf6e4
20.Nd2f3 Bg7f6
21.Rf1d1 Rd8d7
22.Qb2c2 Ne4c5
23.Qc2e2 Qc6e4
24.Kf2 Rd7c7
25.Kg1 Nc5d7
26.Bd4xf6 exf6
27.Rd1d4 Qe4e6
28.Nf3d2 f5
29.e4 Nd7c5
30.Qe2f3 fxe4
31.Nd2xe4 Nc5xe4
32.Qf3xe4 Qe6xe4
33.Rd4xe4 b5
34.Rc1c3 f5
35.Re4d4 Rc7xc4
36.Rd4xc4 Rc8xc4
37.Rc3xc4 bxc4
38.Kf2 Kg7
39.Ke3 Kh6
40.Kd4 Kh5
41.a4 Kg4
42.Kxc4 Kxf4
43.Kc5 Ke3
44.a5 f4
45.Kb6 Kf2
46.Kxa6 Kxg2
47.Kb6 f3
48.a6 f2
49.a7 f1Q
50.a8Q Kxh2
51.Qa8e4 Qf1f6
52.Ka7 h5
53.Qe4c2 Kh3
54.Qc2d3 Kg4
55.Qd3e2 Kg5
56.Qe2d2 Kf5
57.Qd2d7 Qf6e6
58.Qd7d3 Kf6
59.Qd3d4 Kf7
60.Qd4f4 Kg7
61.Qf4g5 Qe6f6
62.Qg5g3 g5
63.Qg3h3 g4
64.Qh3g3 Kh8
65.Qg3b8 Kh7
66.Qb8h2 h4
67.Qh2c2 Kg7
68.Qc2e4 g3
69.Qe4g4 Kh6
70.Qg4h3 g2
{ resign }
0-1

[Event "Tourn. n10315"]
[Site "www.chess-mail.com"]
[Date "2020.03.18"]
[Round "1"]
[White "Coolant"]
[Black "Aders1"]
[WhiteElo "2390"]
[BlackElo "2350"]
[Result "0-1"]
[Round "1"]
1.b4 e5
2.Bc1b2 Bf8xb4
3.Bb2xe5 Ng8f6
4.Ng1f3 O-O
5.e3 d5
6.c3 Bb4a5
7.Qd1b3 Nb8d7
8.Be5g3 c5
9.Bf1e2 c4
10.Qb3a3 Nf6e4
11.O-O Nd7c5
12.Nf3d4 Ba5b6
13.Rf1d1 Nc5d3
14.Be2xd3 cxd3
15.Qa3b3 h5
16.f3 Ne4xg3
17.hxg3 Qd8g5
18.Kf2 h4
19.gxh4 Qg5xh4
20.Kg1 Bb6c7
21.f4 Rf8d8
22.Nb1a3 Qh4g3
23.Na3b5 Bc8h3
{ resign }
0-1

[Event "Match"]
[Site "www.echecsemail.com"]
[Date "2020.03.18"]
[Round "1"]
[White "Apdash"]
[Black "Llord"]
[WhiteElo "2280"]
[BlackElo "1930"]
[Result "1-0"]
[Round "1"]
1.d4 d5
2.Ng1f3 Bc8f5
3.c4 Ng8f6
4.Nb1c3 dxc4
5.Qd1a4 c6
6.Qa4xc4 Bf5e6
7.Qc4b4 b5
8.Nc3d1 a5
9.Qb4c5 Nf6e4
10.Qc5c2 Be6f5
11.Qc2b3 e6
12.Nd1c3 Bf8b4
13.a3 Bb4xc3
14.bxc3 a4
15.Qb3b4 Nb8a6
16.Qb4b2 Qd8a5
17.Bc1d2 Ne4xd2
18.Nf3xd2 O-O
19.e4 Bf5g6
20.Bf1e2 Ra8d8
21.O-O Rd8d7
22.f4 h6
23.Be2d3 f5
24.Ra1e1 c5
25.Qb2xb5 Qa5xb5
26.Bd3xb5 Rd7a7
27.Bb5xa4 cxd4
28.cxd4 Na6c7
29.exf5 Bg6xf5
30.Ba4d7 Nc7d5
31.Bd7xe6 Bf5xe6
32.Re1xe6 Ra7f7
33.g3 Rf8a8
34.Nd2c4 Ra8c8
35.Nc4d6 Rc8a8
36.Nd6xf7 Kxf7
37.Re6d6 Nd5e3
38.Rf1e1 Ne3c4
39.Rd6d7 Kg8
40.Re1e7 Nc4d2
41.Re7xg7 Kf8
42.Rg7h7 Kg8
43.Rd7g7 Kf8
44.Rh7h8 Kxg7
45.Rh8xa8 Nd2f3
46.Kg2 Nf3xd4
47.Ra8e8 Nd4b5
48.a4 Nb5d6
49.Re8e7 Kf6
50.Re7h7 { resign }
1-0

[Event "Match"]
[Site "www.echecsemail.com"]
[Date "2020.03.18"]
[Round "1"]
[White "Roma753"]
[Black "Whitekknight"]
[WhiteElo "2120"]
[BlackElo "1880"]
[Result "1-0"]
[Round "1"]
1.d4 d5
2.Ng1f3 Nb8c6
3.c4 e6
4.e3 Ng8f6
5.Nb1c3 Bf8b4
6.Bc1d2 a6
7.cxd5 Nf6xd5
8.Nc3xd5 Bb4xd2
9.Qd1xd2 Qd8xd5
10.b3 O-O
11.Bf1c4 Qd5d7
12.O-O Rf8d8
13.Ra1d1 b5
14.Bc4e2 Bc8b7
15.Qd2c2 h6
16.a4 Qd7e7
17.axb5 axb5
18.Be2xb5 Nc6b4
19.Qc2c5 Nb4d5
20.Rd1c1 Qe7xc5
21.dxc5 c6
22.Bb5c4 Nd5b4
23.Rf1d1 Nb4d5
24.Kf1 Kf8
25.Nf3g1 Bb7a6
26.Bc4xa6 Ra8xa6
27.e4 Ke7
28.exd5 exd5
29.Ng1e2 Rd8b8
30.Ne2d4 g6
31.Rc1b1 Kf6
32.b4 Rb8c8
33.b5 cxb5
34.Rb1xb5 Ra6a4
35.c6 Ke5
36.Nd4f3 Ke4
37.Rb5xd5 Rc8xc6
38.Rd5d4 Ra4xd4
39.Rd1xd4 Kf5
40.g3 Rc6c3
41.Kg2 g5
42.g4 Ke6
43.Rd4a4 f6
44.Nf3d4 Kd5
45.Nd4f5 Rc3c7
46.Nf5xh6 Ke6
47.Ra4a6 Ke5
48.h3 Ke4
49.Ra6xf6 Rc7c5
50.Rf6f5 Rc5c6
51.Nh6f7 { resign }
1-0

[Event "Tourn. n10315"]
[Site "www.chess-mail.com"]
[Date "2020.03.18"]
[Round "1"]
[White "Virgil08bv"]
[Black "Jazzy"]
[WhiteElo "2720"]
[BlackElo "2280"]
[Result "1-0"]
[Round "1"]
1.e4 e5
2.Ng1f3 Nb8c6
3.Bf1b5 Ng8f6
4.O-O a6
5.Bb5a4 Bf8e7
6.Rf1e1 d6
7.c3 b5
8.Ba4b3 O-O
9.h3 Bc8b7
10.d4 Ra8b8
11.a3 h6
12.Nb1d2 Kh8
13.Bb3c2 Bb7c8
14.b4 Nf6h7
15.d5 Nc6a7
16.a4 Rb8a8
17.Bc1b2 Bc8b7
18.Nd2b3 Nh7f6
19.Nb3a5 Bb7c8
20.axb5 Na7xb5
21.Na5c6 Qd8e8
22.Bc2a4 Bc8d7
23.Ba4xb5 { resign }
1-0

[Event "Tourn. n10314"]
[Site "www.chess-mail.com"]
[Date "2020.03.19"]
[Round "1"]
[White "Chessutopia"]
[Black "Rons"]
[WhiteElo "2850"]
[BlackElo "2630"]
[Result "0-1"]
[Round "1"]
1.b3 d5
2.d4 g6
3.Bc1b2 Bf8g7
4.e3 c5
5.c3 Ng8f6
6.dxc5 Nf6e4
7.b4 Nb8c6
8.a3 O-O
 { time }
0-1

[Event "Tourn. n10297"]
[Site "www.chess-mail.com"]
[Date "2020.03.19"]
[Round "1"]
[White "Rcdamaceanu"]
[Black "Scasan55"]
[WhiteElo "2010"]
[BlackElo "2040"]
[Result "1-0"]
[Round "1"]
1.d4 Ng8f6
2.e3 d5
3.c4 c5
4.Nb1c3 e6
5.Ng1f3 Nb8c6
6.Bf1e2 a6
7.O-O Bf8d6
8.dxc5 Bd6xc5
9.b3 O-O
10.Bc1b2 b6
11.Nc3a4 Bc5e7
12.Qd1c1 Bc8d7
13.cxd5 Nf6xd5
14.Rf1d1 b5
15.Na4c3 Nd5xc3
16.Bb2xc3 Qd8c7
17.Qc1b2 f6
18.Ra1c1 Qc7b7
19.Be2d3 Be7b4
20.Bd3c2 Bb4xc3
21.Qb2xc3 Ra8c8
22.Bc2e4 Rf8d8
23.Nf3d4 e5
24.Nd4xc6 f5
25.Qc3d2 fxe4
26.Nc6xd8 Rc8xd8
27.b4 Kf7
28.h3 Kf6
29.Qd2d6 Kf7
30.Rc1c7 { resign }
1-0

[Event "Tourn. n10314"]
[Site "www.chess-mail.com"]
[Date "2020.03.19"]
[Round "1"]
[White "Chessutopia"]
[Black "Jerome"]
[WhiteElo "2850"]
[BlackElo "2870"]
[Result "0-1"]
[Round "1"]
1.b3 g6
2.d4 Bf8g7
3.Bc1b2 Ng8f6
4.e3 O-O
5.Ng1f3 d5
6.Nb1d2 Nb8d7
7.Bf1e2 b6
 { time }
0-1

[Event "Match"]
[Site "www.echecsemail.com"]
[Date "2020.03.19"]
[Round "1"]
[White "Halldora"]
[Black "Anemoa"]
[WhiteElo "1809"]
[BlackElo "2619"]
[Result "1-0"]
[Round "1"]
1.d4 Ng8f6
2.c4 g6
3.g3 Bf8g7
4.Bf1g2 d5
5.cxd5 Nf6xd5
6.e4 Nd5b6
7.Ng1e2 e5
8.d5 O-O
9.O-O c6
10.Nb1c3 cxd5
11.exd5 Qd8xd5
12.Nc3xd5 Nb6xd5
13.Bg2xd5 Bc8g4
14.Bd5xb7 Nb8d7
15.Bb7xa8 { resign }
1-0

[Event "Match"]
[Site "www.echecsemail.com"]
[Date "2020.03.19"]
[Round "1"]
[White "Anemoa"]
[Black "Halldora"]
[WhiteElo "2619"]
[BlackElo "1809"]
[Result "0-1"]
[Round "1"]
1.d4 d5
2.c4 e6
3.Nb1c3 Ng8f6
4.Bc1g5 Bf8e7
5.e3 O-O
6.Ng1f3 Nb8d7
7.Ra1c1 c6
8.Bf1d3 dxc4
9.Bd3xc4 Nf6d5
10.Bg5xe7 Qd8xe7
11.O-O Nd5xc3
12.Rc1xc3 c5
13.Bc4b3 cxd4
14.exd4 b6
15.Qd1c2 Bc8b7
16.g3 Bb7xf3
17.Rc3xf3 Rf8c8
{ resign }
0-1

[Event "Match"]
[Site "www.echecsemail.com"]
[Date "2020.03.19"]
[Round "1"]
[White "Halldora"]
[Black "Dementia"]
[WhiteElo "2579"]
[BlackElo "2269"]
[Result "1-0"]
[Round "1"]
1.d4 Ng8f6
2.c4 c5
3.d5 b5
4.cxb5 a6
5.bxa6 Ra8xa6
6.e3 d6
7.Bf1xa6 Bc8xa6
8.Ng1f3 e6
9.Nb1c3 Bf8e7
10.Qd1a4 Nb8c6
11.dxc6 e5
12.c7 { resign }
1-0

[Event "Tourn. n10313"]
[Site "www.chess-mail.com"]
[Date "2020.03.19"]
[Round "1"]
[White "Apdash"]
[Black "Fegatux"]
[WhiteElo "2240"]
[BlackElo "2230"]
[Result "1-0"]
[Round "1"]
1.e4 c5
2.Ng1f3 g6
3.d4 cxd4
4.Nf3xd4 Bf8g7
5.Bf1c4 Nb8c6
6.c3 Ng8f6
7.Qd1c2 O-O
8.O-O a6
9.Bc1e3 Nc6e5
10.Bc4b3  { time }
1-0

[Event "1/128 Finale"]
[Site "www.chess-mail.com"]
[Date "2020.03.19"]
[Round "1"]
[White "Madz123456"]
[Black "Reignblowcan"]
[WhiteElo "1770"]
[BlackElo "2610"]
[Result "1/2-1/2"]
[Round "1"]
1.e4 c5
2.Ng1f3 Nb8c6
3.Bf1b5 g6
4.O-O Bf8g7
5.Bb5xc6 bxc6
6.Rf1e1 Ng8h6
7.c3 O-O
8.d4 cxd4
9.cxd4 f6
10.Qd1c2 Nh6f7
11.h3 Ra8b8
12.Nb1d2 e5
13.dxe5 fxe5
14.b3 a5
15.Bc1b2 Bc8a6
16.Nd2c4 Rf8e8
17.Ra1d1 a4
18.Rd1d2 Qd8e7
19.Bb2a3 Qe7e6
20.Nc4d6 axb3
21.axb3 Nf7xd6
22.Ba3xd6 Rb8xb3
23.Bd6xe5 Bg7h6
24.Nf3d4 Qe6f7
25.Nd4xb3 Bh6xd2
26.Nb3xd2 Re8xe5
27.Qc2c3 Re5e7
28.e5 Qf7d5
29.Nd2e4 Qd5xe5
30.Ne4f6 Qe5xf6
31.Qc3xf6 Re7xe1
32.Kh2 Re1e8
33.Qf6d6 Ba6c8
34.g4 Kf7
35.Kg3 Re8e6
36.Qd6c7 Re6e8
37.Qc7f4 Kg7
38.h4 h6
39.Qf4d4 Kf7
40.Qd4f4 Kg7
41.Qf4d4 Kf7
42.f3 Re8g8
43.g5 hxg5
44.hxg5 d6
45.Qd4xd6 Bc8f5
46.Qd6f6 Ke8
47.Qf6xc6 Kf7
48.Qc6b7 Ke8
49.Qb7b8 Kf7
50.Qb8c7 Ke8
51.f4 Kf8
52.Qc7e5 Kf7
53.Qe5f6 Ke8
{ draw }
1/2-1/2

[Event "1/128 Finale"]
[Site "www.chess-mail.com"]
[Date "2020.03.19"]
[Round "1"]
[White "Bevittsmith"]
[Black "Ffdd65"]
[WhiteElo "2300"]
[BlackElo "2250"]
[Result "1-0"]
[Round "1"]
1.e4 e5
2.Ng1f3 d6
3.d4 exd4
4.Nf3xd4 Ng8f6
5.Nb1c3 Qd8e7
6.Bf1d3 c5
7.Nd4f3 d5
8.O-O d4
9.Nc3d5 Nf6xd5
10.exd5 Qe7d6
11.Rf1e1 Bf8e7
12.Qd1e2 Bc8g4
13.Bc1f4 Bg4xf3
14.gxf3 Qd6d8
15.d6 Nb8c6
16.dxe7 Nc6xe7
17.Qe2e5 b6
18.Qe5xg7 Rh8g8
19.Qg7xg8  { time }
1-0

[Event "Match"]
[Site "www.echecsemail.com"]
[Date "2020.03.19"]
[Round "1"]
[White "Chapi"]
[Black "Coraza"]
[WhiteElo "2080"]
[BlackElo "1840"]
[Result "1-0"]
[Round "1"]
1.d4 d5
2.c4 dxc4
3.Nb1c3 Ng8f6
4.e4 Bc8g4
5.f3 Bg4d7
6.Bf1xc4 g6
7.b4 e6
8.Bc1g5 h6
9.Bg5h4 g5
10.Bh4g3 Bf8g7
11.f4 Bd7c6
12.Qd1d3 Nf6h7
13.b5 Bc6d7
14.Ng1f3 O-O
15.f5 exf5
16.O-O f4
17.Bg3e1 Bd7e6
18.g3 fxg3
19.Be1xg3 Nb8d7
20.Nc3d5 Be6xd5
21.Bc4xd5 Ra8b8
22.Ra1c1 Qd8e7
23.Rc1xc7 Nh7f6
24.Bd5xb7 Qe7d8
25.Bb7c6 Nd7b6
26.Rc7xa7 Nf6g4
27.Bg3xb8 Qd8xb8
28.Ra7b7 Qb8d8
29.h3 Ng4f6
30.Rf1f2 Nf6h5
31.e5 Qd8c8
32.Nf3e1 Nh5f4
33.Qd3f3 Nf4xh3
34.Kg2 g4
35.Qf3f5 Nh3xf2
36.Qf5xc8 Rf8xc8
37.Rb7xb6 Nf2h3
38.Bc6d7 Rc8c1
39.Bd7xg4 Nh3f4
40.Kf2 h5
41.Bg4f5 Nf4d5
42.Rb6b8 Bg7f8
43.b6 Rc1a1
44.b7 Ra1xa2
45.Kg3 Kg7
46.Rb8a8 h4
47.Kxh4 Ra2h2
48.Kg3 Rh2b2
49.b8Q Rb2xb8
50.Ra8xb8 Nd5e3
51.Bf5e4 Ne3f1
52.Kf2 Nf1d2
53.Be4d5 Kg6
54.Ke2 Bf8h6
55.Rb8b6 Kh5
56.Bd5xf7 Kg4
57.Rb6xh6 Nd2e4
58.e6 Ne4d6
59.Bf7h5 Kg5
60.Rh6h8 Nd6f5
61.Ne1f3 Kf6
62.d5 Nf5e7
63.Rh8d8 Kf5
64.Bh5f7 Ke4
65.d6 Ne7c6
66.e7 Nc6xd8
67.e8Q Nd8e6
68.Qe8xe6 Kf4
69.Bf7g6 Kg3
70.Qe6e5 { resign }
1-0

[Event "Tourn. n10279"]
[Site "www.chess-mail.com"]
[Date "2020.03.20"]
[Round "1"]
[White "Apdash"]
[Black "Fegatux"]
[WhiteElo "2250"]
[BlackElo "2270"]
[Result "1-0"]
[Round "1"]
1.e4 e6
2.d4 d5
3.e5 c5
4.c3 Nb8c6
5.Bf1b5 Qd8b6
6.Bb5xc6 bxc6
7.Ng1f3 Bc8a6
8.Qd1c2 Ng8e7
9.dxc5 Qb6xc5
10.Bc1e3 Qc5b5
11.a4 Qb5d3
12.Nb1a3 Ne7f5
13.Qc2xd3 Ba6xd3
14.Nf3d4 Nf5xe3
15.fxe3 Ra8c8
16.Kd2 Bd3e4
17.Rh1g1 a6
18.Nd4e2 Bf8e7
19.Ne2g3 Be4g6
20.Na3c2 c5
21.Ng3e2 Rc8b8
22.Ra1a2 O-O
23.Ne2f4 Bg6e4
24.Nf4e2 Be7d8
25.Nc2e1 Bd8c7
26.Ne1d3 Be4xd3
27.Kxd3 Bc7xe5
28.g3 c4
29.Kc2 Rb8b7
30.Ne2d4 g6
31.Nd4c6 Be5g7
32.Rg1b1 Rf8c8
33.Nc6d4 e5
34.Nd4f3 Rc8d8
35.b3 d4
36.cxd4 cxb3
37.Rb1xb3 Rb7xb3
38.Kxb3  { time }
1-0

[Event "1/128 Finale"]
[Site "www.chess-mail.com"]
[Date "2020.03.20"]
[Round "1"]
[White "Gyutan"]
[Black "Bevittsmith"]
[WhiteElo "1499"]
[BlackElo "2290"]
[Result "1-0"]
[Round "1"]
1.d4 Ng8f6
2.c4 g6
3.f3 d5
4.cxd5 Nf6xd5
5.e4 Nd5b6
6.Nb1c3 Bf8g7
7.Bc1e3 O-O
8.Qd1d2 a5
9.h4 Nb8d7
10.h5 e5
11.hxg6 fxg6
12.d5 Nd7f6
13.O-O-O Bc8d7
14.Ng1h3 Bd7xh3
15.Rh1xh3 Nf6h5
16.Bf1b5 Nh5f4
17.Rh3h2 Nb6d7
18.Rd1h1 Nf4h5
19.g4 Nh5f6
20.Bb5c4 { resign }
1-0

[Event "Match"]
[Site "www.echecsemail.com"]
[Date "2020.03.20"]
[Round "1"]
[White "Ket"]
[Black "Cal"]
[WhiteElo "999"]
[BlackElo "1730"]
[Result "1-0"]
[Round "1"]
1.e4 e5
2.Ng1f3 d6
3.d4 exd4
4.Nf3xd4 c5
5.Nd4f3 h6
6.Nb1c3 Bc8g4
7.Bf1c4 Ng8f6
8.O-O Bf8e7
9.Bc1f4 O-O
10.Qd1d3 Nb8c6
11.Ra1d1 Nc6d4
12.Rd1e1 Nf6h5
13.Bf4g3 Bg4xf3
14.gxf3 Be7f6
15.Nc3d5 a6
16.c3 Bf6e5
17.cxd4 Be5xg3
18.fxg3 b5
19.Bc4xb5 axb5
20.Qd3xb5 Ra8xa2
21.dxc5 Qd8g5
22.Nd5c3 dxc5
23.Nc3xa2 Rf8c8
24.Na2c3 Rc8d8
25.Nc3d5 Rd8c8
26.Qb5d7 Rc8d8
27.Nd5e7 Kh7
28.Qd7xd8 Nh5f6
29.e5 h5
30.exf6 Qg5xf6
31.Qd8g8 Kh6
32.f4 Qf6d4
33.Rf1f2 Qd4f6
34.Qg8h8 { resign }
1-0

[Event "Match"]
[Site "www.echecsemail.com"]
[Date "2020.03.21"]
[Round "1"]
[White "Laraewaunnur"]
[Black "Anemoa"]
[WhiteElo "1809"]
[BlackElo "2389"]
[Result "1-0"]
[Round "1"]
1.e4 e5
2.Ng1f3 f5
3.Bf1c4 fxe4
4.Nf3xe5 Qd8g5
5.d4 Qg5xg2
6.Qd1h5 g6
7.Bc4f7 Kd8
8.Bf7xg8 Rh8xg8
9.Ne5f7 Ke7
10.Rh1f1 Kxf7
11.Qh5d5 { resign }
1-0

[Event "Match"]
[Site "www.echecsemail.com"]
[Date "2020.03.21"]
[Round "1"]
[White "Laraewaunnur"]
[Black "Halldora"]
[WhiteElo "1809"]
[BlackElo "2629"]
[Result "1-0"]
[Round "1"]
1.e4 c5
2.Ng1f3 d6
3.d4 cxd4
4.Nf3xd4 Ng8f6
5.Nb1c3 g6
6.Bc1e3 Bf8g7
7.f3 O-O
8.Qd1d2 Nb8c6
9.O-O-O d5
10.exd5 Nc6xd4
11.Be3xd4 Nf6xd5
12.Bd4xg7 Kxg7
13.Nc3xd5 Qd8xd5
14.Qd2xd5 Rf8d8
15.Qd5e5 f6
16.Qe5xe7 { resign }
1-0

[Event "Match"]
[Site "www.echecsemail.com"]
[Date "2020.03.21"]
[Round "1"]
[White "Laraewaunnur"]
[Black "Halldora"]
[WhiteElo "1809"]
[BlackElo "2629"]
[Result "1-0"]
[Round "1"]
1.d4 d5
2.c4 e6
3.Nb1c3 Ng8f6
4.Ng1f3 c5
5.cxd5 Nf6xd5
6.g3 Nb8c6
7.Bf1g2 Bf8e7
8.O-O O-O
9.Nc3xd5 cxd4
10.Nf3xd4 Nc6xd4
11.Nd5xe7 Qd8xe7
12.Qd1xd4 b6
13.Bg2xa8 { resign }
1-0

[Event "Match"]
[Site "www.echecsemail.com"]
[Date "2020.03.21"]
[Round "1"]
[White "Dussek"]
[Black "Roma753"]
[WhiteElo "1920"]
[BlackElo "2160"]
[Result "1-0"]
[Round "1"]
1.d4 f5
2.Ng1f3 e6
3.g3 Ng8f6
4.Bc1g5 Bf8e7
5.Nb1c3 O-O
6.Bf1g2 h6
7.Bg5f4 d6
8.Nf3h4 Nf6h5
9.Nh4g6 Nh5xf4
10.Ng6xf4 Be7g5
11.Nf4d3 Nb8d7
12.f4 Bg5f6
13.e3 g5
14.Qd1d2 g4
15.O-O-O a5
16.h3 h5
17.hxg4 hxg4
18.Rh1h5 Kf7
19.e4 Rf8h8
20.Rh5xh8 Qd8xh8
21.Rd1h1 Qh8g7
22.e5 Bf6e7
23.d5 Nd7c5
24.Nd3xc5 dxc5
25.dxe6 Bc8xe6
26.Bg2d5 Ra8b8
27.Bd5xe6 { resign }
1-0

[Event "Match"]
[Site "www.echecsemail.com"]
[Date "2020.03.21"]
[Round "1"]
[White "Raulazo"]
[Black "Logout"]
[WhiteElo "1890"]
[BlackElo "1940"]
[Result "1/2-1/2"]
[Round "1"]
1.e4 c5
2.Bf1c4 Nb8c6
3.Qd1f3 Nc6e5
4.Qf3f4 Ne5xc4
5.e5 b5
6.Ng1h3 Qd8c7
7.e6 Qc7xf4
8.Nh3xf4 dxe6
{ draw }
1/2-1/2

[Event "Tourn. n10303"]
[Site "www.chess-mail.com"]
[Date "2020.03.21"]
[Round "1"]
[White "Tartan"]
[Black "Aders1"]
[WhiteElo "2460"]
[BlackElo "2350"]
[Result "1-0"]
[Round "1"]
1.e4 g6
2.d4 Bf8g7
3.Nb1c3 c6
4.Bf1c4 d6
5.f4 b5
6.Bc4b3 a5
7.a4 b4
8.Nc3e2 d5
9.Ng1f3 dxe4
10.Nf3g5 Ng8h6
11.O-O O-O
12.Ng5xe4 e6
13.c3 bxc3
14.bxc3 Qd8c7
15.Bc1a3 Rf8d8
16.Qd1d2 Nb8a6
17.Ra1d1 Bc8b7
18.Ne2g3 Nh6f5
19.Rf1e1 Bg7h6
20.Re1f1 c5
21.Ng3xf5 exf5
22.Ne4xc5 Na6xc5
23.Ba3xc5 Rd8e8
24.Bb3c4 Re8e4
25.Rd1b1 Bb7a6
26.Bc4xa6 Ra8xa6
27.g3 Ra6e6
28.Qd2b2 Qc7c6
29.Qb2b5 Re4e2
30.Qb5xc6 Re6xc6
31.Rb1b8 Kg7
32.Bc5f8 Kf6
33.Bf8xh6 Rc6xc3
34.Bh6f8 Ke6
35.Rb8e8 { resign }
1-0

[Event "Tourn. n10327"]
[Site "www.chess-mail.com"]
[Date "2020.03.21"]
[Round "1"]
[White "Ket"]
[Black "Connecticcut"]
[WhiteElo "2000"]
[BlackElo "1930"]
[Result "1/2-1/2"]
[Round "1"]
1.e4 e5
2.Ng1f3 Nb8c6
3.Bf1c4 Ng8f6
4.Nf3g5 d5
5.exd5 Nf6xd5
6.Ng5xf7 Kxf7
7.Qd1f3 Kg6
8.Bc4xd5 Bf8e7
9.Qf3f7 Kh6
10.d4 Be7g5
11.Bc1xg5 Qd8xg5
12.Nb1c3 exd4
13.Nc3e2 { draw }
1/2-1/2